00341nam a22001457a 4500003000400000008004100004020001900045082001500064100001700079245002900096250001100125260003300136300000800169700001800177OSt240504b |||||||| |||| 00| 0 eng d a978-9354246111 a006.31 KUM aKUMAR, Rahul aMachine Learning Using R a1st Ed aNew DelhibWiley Indiac2022 a430 aKUMAR, Dinesh